000 00815nam a22002177a 4500
999 _c62153
_d62153
005 20240530110534.0
008 160327s2013 ua a f 000 0 ara d
017 _a2012/17666
_bمصر . دار الكتب المصرية
020 _a9789774951176
040 _aEG-CaGPL
082 0 4 _221
_a745.503\
_bإ م
100 0 _aاسماعيل عبدالفتاح .
245 1 0 _aموسوعة المهن والحرف /
_cاعداد اسماعيل عبدالفتاح ، اسعد النوبى عويس .
250 _aط1.
260 _aالقاهرة :
_bدار العالم العربى ،
_c2013 .
300 _a389 ص ؛
_c24 سم .
650 0 4 _aالحرف اليدوية .
650 0 4 _aالحرف اليدوية
_vدوائر معارف .
942 _2ddc
_cBK